书目信息 |
| 题名: |
大空间公共建筑生态设计
|
|
| 作者: | 史立刚 , 刘德明 著 | |
| 分册: | ||
| 出版信息: | 北京 中国建筑工业出版社 2009.10 |
|
| 页数: | 224页 | |
| 开本: | 24cm | |
| 丛书名: | ||
| 单 册: | ||
| 中图分类: | TU242 | |
| 科图分类: | ||
| 主题词: | 公共建筑--gong gong jian zhu--建筑设计 | |
| 电子资源: | ||
| ISBN: | 978-7-112-11160-2 | |
| 000 | 01104nam0 2200265 450 | |
| 001 | 012001000318 | |
| 005 | 20240508112745.13 | |
| 010 | @a978-7-112-11160-2@dCNY38.00 | |
| 100 | @a20100515d2009 km y0chiy0121 eb | |
| 101 | 0 | @achi |
| 102 | @aCN@b110000 | |
| 105 | @aa a 001yy | |
| 200 | 1 | @a大空间公共建筑生态设计@Ada kong jian gong gong jian zhu sheng tai she ji@f史立刚, 刘德明著 |
| 210 | @a北京@c中国建筑工业出版社@d2009.10 | |
| 215 | @a224页@c图@d24cm | |
| 307 | @a英文题名:取自封面 | |
| 320 | @a有书目 (第214-217页) 和索引 | |
| 330 | @a本书主要内容包括:绪论;大空间公共建筑的生态使命、外部条件、设计原则框架、设计策略、美学宗旨。本书从理论和实践两方面互证得角度对大空间公共建筑进行研究,图文并茂,建构了其生态化设计的系统理念,对于我国大空间公共建筑的深入发展具有重大的指导意义。 | |
| 510 | 1 | @aEcological Architecture Design of Long-span Public Building@zeng |
| 606 | 0 | @a公共建筑@Agong gong jian zhu@x建筑设计 |
| 690 | @aTU242@v4 | |
| 701 | 0 | @a史立刚@Ashi li gang@4著 |
| 701 | 0 | @a刘德明@Aliu de ming@4著 |
| 801 | 0 | @aCN@b河南城建学院图书馆@c20100515 |
| 905 | @dTU242@eS576@f5 | |
| 大空间公共建筑生态设计/史立刚, 刘德明著.-北京:中国建筑工业出版社,2009.10 |
| 224页:图;24cm |
| ISBN 978-7-112-11160-2:CNY38.00 |
| 本书主要内容包括:绪论;大空间公共建筑的生态使命、外部条件、设计原则框架、设计策略、美学宗旨。本书从理论和实践两方面互证得角度对大空间公共建筑进行研究,图文并茂,建构了其生态化设计的系统理念,对于我国大空间公共建筑的深入发展具有重大的指导意义。 |
| ● |
| 相关链接 |
|
|
|
正题名:大空间公共建筑生态设计
索取号:TU242/S576
 
预约/预借
| 序号 | 登录号 | 条形码 | 馆藏地/架位号 | 状态 | 备注 |
| 1 | 1240981 | 212409810 | 建筑库101/101建筑库 66排6列5层/ [索取号:TU242/S576] | 在馆 | |
| 2 | 1240982 | 212409829 | 建筑库101/101建筑库 66排6列5层/ [索取号:TU242/S576] | 在馆 | |
| 3 | 1240983 | 212409838 | 建筑库101/101建筑库 66排7列1层/ [索取号:TU242/S576] | 在馆 | |
| 4 | 1240984 | 212409847 | 建筑库101/101建筑库 66排7列1层/ [索取号:TU242/S576] | 在馆 | |
| 5 | 1240985 | 212409856 | 建筑库101/101建筑库 66排7列1层/ [索取号:TU242/S576] | 在馆 | |
| 6 | 1240986 | 212409865 | 建筑库101/101建筑库 66排6列5层/ [索取号:TU242/S576] | 在馆 | |
| 7 | 1551631 | 215516314 | 建筑库101/ [索取号:TU242/S576] | 在馆 | |
| 8 | 1551632 | 215516323 | 建筑库101/101建筑库 66排6列5层/ [索取号:TU242/S576] | 在馆 | |
| 9 | 1551633 | 215516332 | 建筑库101/101建筑库 66排6列5层/ [索取号:TU242/S576] | 在馆 | |
| 10 | 1551634 | 215516341 | 建筑库101/101建筑库 66排6列5层/ [索取号:TU242/S576] | 在馆 | |
| 11 | 1551635 | 215516350 | 建筑库101/101建筑库 66排6列5层/ [索取号:TU242/S576] | 在馆 | |
| 12 | 1551636 | 215516369 | 建筑库101/101建筑库 66排7列1层/ [索取号:TU242/S576] | 在馆 | |
| 13 | 899026 | 208990261 | 建筑库101/101建筑库 66排6列5层/ [索取号:TU242/S576] | 在馆 | |
| 14 | 899027 | 208990270 | 建筑库101/101建筑库 66排6列5层/ [索取号:TU242/S576] | 在馆 | |
| 15 | 899028 | 208990289 | 建筑库101/101建筑库 66排7列1层/ [索取号:TU242/S576] | 在馆 | |
| 16 | 899029 | 208990298 | 建筑库101/101建筑库 66排6列5层/ [索取号:TU242/S576] | 在馆 | |
| 17 | 899030 | 208990305 | 建筑库101/101建筑库 66排6列5层/ [索取号:TU242/S576] | 在馆 |